[Event "ROM-ch U08"]
[Site "Calimanesti Caciulata"]
[Date "2019.04.20"]
[Round "7"]
[White "Hejja, David Miklos"]
[Black "Savin, Vlad"]
[Result "1-0"]
[WhiteElo "1001"]
[BlackElo "1001"]
[PlyCount "30"]
[EventDate "2019.04.15"]
[EventType "swiss"]
[EventRounds "9"]
[EventCountry "ROU"]
[SourceTitle "CBM 190 Extra"]
[Source "ChessBase"]
[SourceDate "2019.07.15"]
[SourceVersion "1"]
[SourceVersionDate "2019.07.15"]
[SourceQuality "1"]

1. e4 e6 2. Nf3 d5 3. exd5 exd5 4. Qe2+ Be6 5. g3 Bd6 6. Nc3 Nf6 7. Bg2 0-0 8. 0-0 Bg4 9. h3 Re8 10. Qd1 Bh5 11. d3 Ng4 12. hxg4 Bxg4 13. Nxd5 Qd7 14. Re1 Qc8 15. c3 Qf5 1-0

[Event "ROM-ch U08"]
[Site "Calimanesti"]
[Date "2018.03.29"]
[Round "4"]
[White "Hejja, David Miklos"]
[Black "Furfurica, Alexandru"]
[Result "1/2-1/2"]
[WhiteElo "1001"]
[BlackElo "1001"]
[PlyCount "49"]
[EventDate "2018.03.27"]
[EventType "swiss"]
[EventRounds "9"]
[EventCountry "ROU"]
[SourceTitle "CBM 183 Extra"]
[Source "ChessBase"]
[SourceDate "2018.04.19"]
[SourceVersion "1"]
[SourceVersionDate "2018.04.19"]
[SourceQuality "1"]

1. b3 f5 2. Bb2 Nf6 3. Bxf6 gxf6 4. g3 d6 5. Bg2 Nd7 6. Nh3 Bg7 7. Nf4 e5 8. Ne6 Qe7 9. Nxc7+ Kd8 10. Nxa8 a6 11. 0-0 Nf8 12. Nb6 Be6 13. Bd5 Bxd5 14. Nxd5 Qe6 15. Nbc3 Ng6 16. e3 Ke8 17. Nc7+ Kf7 18. Nxe6 Kxe6 19. Qf3 Kf7 20. Qxb7+ Ne7 21. Nd5 Re8 22. Nxe7 Rxe7 23. Qd5+ Re6 24. Qb7+ Re7 25. Qxa6 1/2-1/2

[Event "ROM-ch U08"]
[Site "Calimanesti"]
[Date "2018.03.27"]
[Round "1"]
[White "Hejja, David Miklos"]
[Black "Gurau, Matei Alexandru"]
[Result "1/2-1/2"]
[WhiteElo "1001"]
[BlackElo "1094"]
[PlyCount "79"]
[EventDate "2018.03.27"]
[EventType "swiss"]
[EventRounds "9"]
[EventCountry "ROU"]
[SourceTitle "CBM 183 Extra"]
[Source "ChessBase"]
[SourceDate "2018.04.19"]
[SourceVersion "1"]
[SourceVersionDate "2018.04.19"]
[SourceQuality "1"]

1. g3 d5 2. Bg2 Nf6 3. b3 e5 4. Bb2 Nc6 5. Nf3 Be6 6. Nxe5 Nxe5 7. Bxe5 Be7 8. 0-0 Ng4 9. Bxg7 Rg8 10. Bb2 h5 11. f3 Nf6 12. Be5 Nd7 13. Bb2 h4 14. Qe1 hxg3 15. hxg3 Bd6 16. g4 Qg5 17. Ba3 Bxa3 18. Nxa3 f5 19. Rf2 fxg4 20. fxg4 Bxg4 21. Nb5 0-0-0 22. Nxa7+ Kb8 23. Nb5 Bh3 24. Qf1 Rdf8 25. Nd4 Rxf2 26. Qxf2 Qg4 27. Rf1 Qxg2+ 28. Qxg2 Rxg2+ 29. Kh1 Rg4 30. Rf3 Bg2+ 31. Kh2 Bxf3 32. Nxf3 Re4 33. e3 Ne5 34. Ng5 Rg4 35. Ne6 Nf3+ 36. Kh3 Rg6 37. Nf4 Rh6+ 38. Kg4 Nxd2 39. Kg5 Rd6 40. Kf5 1/2-1/2